Advanced Microporcessors & Peripherals (Record no. 9337)

MARC details
000 -LEADER
fixed length control field 00441nam a2200181Ia 4500
008 - FIXED-LENGTH DATA ELEMENTS--GENERAL INFORMATION
fixed length control field 221030s9999 xx 000 0 und d
020 ## - INTERNATIONAL STANDARD BOOK NUMBER
ISBN 0070140626
041 ## - LANGUAGE CODE
Language code of text/sound track or separate title
082 ## - DEWEY DECIMAL CLASSIFICATION NUMBER
Classification number 105.23
100 ## - MAIN ENTRY--AUTHOR NAME
Personal name A. K. Ray
245 #0 - TITLE STATEMENT
Title Advanced Microporcessors & Peripherals
Statement of responsibility, etc by A. K. Ray, K. M. Bhurchandi
250 ## - EDITION STATEMENT
Edition statement 2nd
260 ## - PUBLICATION, DISTRIBUTION, ETC. (IMPRINT)
Name of publisher TMH
Place of publication New Delhi
Year of publication 2010
300 ## - PHYSICAL DESCRIPTION
Number of Pages 715
650 ## - SUBJECT ADDED ENTRY--TOPICAL TERM
Topical Term IT
700 ## - ADDED ENTRY--PERSONAL NAME
Personal name K. M. Bhurchandi
942 ## - ADDED ENTRY ELEMENTS (KOHA)
Koha item type Books
Holdings
Accession Number Cost, normal purchase price Bill Date Full call number Source of acquisition Price effective from Koha item type Withdrawn / writtenoff status Materials specified (bound volume or other part) Damaged status Not for loan Permanent Location Current Location Shelving location Date acquired Lost/ Missing status department
BE 11452 395.00 2772 105.23 RKB 10/30/2022 Books   Print     MIET Library, Jammu MIET Library, Jammu BL-Academic Block B, FL-1, CUP-116, SH-5, R-5 05/04/2011   BE
BE 11453 395.00 2772 105.23 RKB 10/30/2022 Books   Print     MIET Library, Jammu MIET Library, Jammu BL-Academic Blcok C, FL-2, CUP-151, SH-1, R-1 05/04/2011   BE
BE 11454 395.00 2772 105.23 RKB 10/30/2022 Books   Print     MIET Library, Jammu MIET Library, Jammu BL-Academic Block C, FL-2, CUP-128, SH-3, R-3 05/04/2011   BE
BE 11455 395.00 2772 105.23 RKB 10/30/2022 Books   Print     MIET Library, Jammu MIET Library, Jammu BL-Academic Block C, FL-2, CUP-151, SH-2, R-2 05/04/2011   BE
BE 11456 395.00 2772 105.23 RKB 10/30/2022 Books   Print     MIET Library, Jammu MIET Library, Jammu BL-Academic Blcokc, FL-2, CUP-151, SH-2, R-2 05/04/2011   BE